[Event "VIII Festival A"]
[Site "Nichelino ITA"]
[Date "2007.10.04"]
[Round "1"]
[White "Fassio, Francesco"]
[Black "Zunino, Davide"]
[Result "1-0"]
[WhiteElo "1732"]
[BlackElo "1980"]
[PlyCount "87"]
[EventDate "2007.10.04"]

1. c4 e5 2. Nc3 Nc6 3. g3 f5 4. Bg2 Nf6 5. d3 Bb4 6. Bd2 O-O 7. a3 Bxc3 8. Bxc3
d6 9. e3 Qe8 10. Ne2 Kh8 11. d4 Rb8 12. Qc2 Bd7 13. O-O-O b5 14. d5 Ne7 15. Bb4
bxc4 16. Qxc4 Bb5 17. Qc2 a5 18. Bxa5 Ba4 19. Qc4 Bxd1 20. Rxd1 Qb5 21. Qxb5
Rxb5 22. Bb4 Nexd5 23. Nc3 Nxc3 24. Bxc3 Ng4 25. Rd2 e4 26. h3 Ne5 27. Bf1 Rc5
28. Kc2 Nf3 29. Rd1 Ra8 30. b4 Rc6 31. Bb5 Rb6 32. a4 c6 33. Rxd6 Rc8 34. Bc4
Rcb8 35. a5 R6b7 36. Rxc6 Ng5 37. a6 Re7 38. b5 Nxh3 39. b6 Nxf2 40. a7 Rd8 41.
Ba6 Ng4 42. Bd4 h6 43. b7 Ree8 44. Bb6 1-0

[Event "VIII Festival A"]
[Site "Nichelino ITA"]
[Date "2007.10.04"]
[Round "1"]
[White "Finocchiaro, Gianluca"]
[Black "Perrone, Samuel"]
[Result "1-0"]
[WhiteElo "1973"]
[BlackElo "1715"]
[PlyCount "49"]
[EventDate "2007.10.04"]

1. d4 Nf6 2. Nf3 d5 3. c4 c6 4. Nc3 e6 5. cxd5 exd5 6. Bg5 Bb4 7. Qc2 h6 8. Bh4
O-O 9. e3 Nbd7 10. Bd3 Qa5 11. O-O Bxc3 12. bxc3 Re8 13. c4 b6 14. Bxf6 Nxf6
15. Ne5 Bb7 16. cxd5 Qxd5 17. Bc4 Qe4 18. Qxe4 Nxe4 19. Bxf7+ Kf8 20. Bxe8 Rxe8
21. Rac1 c5 22. Rfd1 cxd4 23. exd4 Rd8 24. Rc7 Rb8 25. Nd7+ 1-0

[Event "VIII Festival A"]
[Site "Nichelino ITA"]
[Date "2007.10.04"]
[Round "1"]
[White "Gallucci, Alessio"]
[Black "Lizzari, Nicola"]
[Result "1-0"]
[WhiteElo "2076"]
[BlackElo "1848"]
[PlyCount "59"]
[EventDate "2007.10.04"]

1. e4 g6 2. d4 Bg7 3. f4 c5 4. c3 cxd4 5. cxd4 d6 6. Nf3 Nf6 7. Nc3 e6 8. Bd3
O-O 9. O-O Nc6 10. Kh1 a6 11. Be3 Ng4 12. Bg1 h5 13. Rc1 e5 14. fxe5 dxe5 15.
d5 Nd4 16. Nb1 f5 17. Nbd2 f4 18. Nc4 Nxf3 19. gxf3 b5 20. Nb6 Nxh2 21. Bxh2
Qxb6 22. Rc6 Qd4 23. Qd2 Qa7 24. Rxg6 Kh7 25. Rfg1 Bh6 26. Qg2 Qf7 27. Bxf4
Qxf4 28. Rg7+ Kh8 29. Rg8+ Kh7 30. Qg6# 1-0

[Event "VIII Festival A"]
[Site "Nichelino ITA"]
[Date "2007.10.04"]
[Round "1"]
[White "Giacchino, Claudio"]
[Black "Giacomasso, Enrico"]
[Result "0-1"]
[WhiteElo "1679"]
[BlackElo "1970"]
[PlyCount "84"]
[EventDate "2007.10.04"]

1. e4 c5 2. Nf3 d6 3. d4 cxd4 4. Nxd4 Nf6 5. Nc3 a6 6. Bd3 e5 7. Nb3 Be6 8. Bg5
Be7 9. O-O Nbd7 10. Qd2 h6 11. Bxf6 Nxf6 12. f3 b5 13. Ne2 d5 14. Ng3 O-O 15.
c3 a5 16. Qe2 dxe4 17. Nxe4 Nd5 18. g3 Qb6+ 19. Kh1 a4 20. Nbd2 f5 21. Nf2 Ne3
22. Rfe1 Bc5 23. Nd1 Nxd1 24. Raxd1 Bxa2 25. Bxb5 Bf7 26. Bc4 Qxb2 27. Bxf7+
Rxf7 28. Qxe5 Bf8 29. Nc4 Qb7 30. Kg2 a3 31. Qe6 Ra6 32. Qe2 a2 33. Ra1 Qb3 34.
Ne5 Rfa7 35. Nd7 Qf7 36. Nxf8 Qxf8 37. Qc4+ Qf7 38. Qc8+ Kh7 39. Re8 Rd7 40.
Re2 Rda7 41. Re8 Rb6 42. Re2 Rb1 0-1

[Event "VIII Festival A"]
[Site "Nichelino ITA"]
[Date "2007.10.04"]
[Round "1"]
[White "Gussone, Claudio"]
[Black "Fortino, Fabrizio"]
[Result "0-1"]
[WhiteElo "1876"]
[BlackElo "2081"]
[PlyCount "39"]
[EventDate "2007.10.04"]

1. d4 Nf6 2. c4 g6 3. Nf3 Bg7 4. g3 d6 5. Bg2 O-O 6. O-O c6 7. Nc3 Nbd7 8. e4
e5 9. dxe5 dxe5 10. Be3 Qc7 11. Qc2 Re8 12. Rfd1 Ng4 13. Bd2 Nc5 14. Ne2 Nxe4
15. Rf1 Bf5 16. Qc1 Rad8 17. Be1 Bh6 18. Qc2 Nexf2 19. Qxf5 gxf5 20. Bxf2 0-1

[Event "VIII Festival A"]
[Site "Nichelino ITA"]
[Date "2007.10.04"]
[Round "1"]
[White "Naumkin, Igor"]
[Black "Militello, Michele"]
[Result "1-0"]
[WhiteElo "2486"]
[BlackElo "1935"]
[PlyCount "38"]
[EventDate "2007.10.04"]

1. d4 d6 2. Nf3 Nf6 3. c4 c6 4. Nc3 Nbd7 5. e4 e5 6. Be2 h6 7. O-O Be7 8. h3
Qc7 9. Be3 g5 10. Kh1 Rg8 11. b4 Nf8 12. c5 Ng6 13. cxd6 Bxd6 14. Rc1 Qe7 15.
dxe5 Nxe5 16. Nxe5 Qxe5 17. f4 Qe7 18. e5 Bxb4 19. exf6 Bxc3 1-0

[Event "VIII Festival A"]
[Site "Nichelino ITA"]
[Date "2007.10.04"]
[Round "1"]
[White "Parodi, Alessandro"]
[Black "Di Chiara, Mauro"]
[Result "1/2-1/2"]
[WhiteElo "2002"]
[BlackElo "1747"]
[PlyCount "70"]
[EventDate "2007.10.04"]

1. d4 d6 2. c4 f5 3. Nc3 Nf6 4. Nf3 g6 5. g3 Bg7 6. Bg2 O-O 7. O-O Nc6 8. d5
Ne5 9. Nxe5 dxe5 10. e4 e6 11. Qe2 exd5 12. exd5 Nd7 13. b4 e4 14. Bb2 Ne5 15.
Na4 Qe8 16. Nc5 b6 17. Nb3 Ba6 18. b5 Bc8 19. Rfd1 Bd7 20. a4 Rd8 21. a5 f4 22.
Bxe4 Bg4 23. f3 Bxf3 24. Bxf3 Nxf3+ 25. Qxf3 Bxb2 26. Re1 Qd7 27. Rad1 fxg3 28.
Qxg3 Rfe8 29. axb6 axb6 30. Rxe8+ Rxe8 31. Rf1 Be5 32. Qf3 Bd6 33. Kh1 Rf8 34.
Qe2 Rxf1+ 35. Qxf1 Qg4 1/2-1/2

[Event "VIII Festival A"]
[Site "Nichelino ITA"]
[Date "2007.10.04"]
[Round "1"]
[White "Pettarini, Renato"]
[Black "Marguati, Massimiano"]
[Result "1/2-1/2"]
[WhiteElo "1661"]
[BlackElo "1966"]
[PlyCount "59"]
[EventDate "2007.10.04"]

1. c4 Nf6 2. Nc3 e6 3. Nf3 d5 4. e3 Be7 5. d4 O-O 6. Bd3 b6 7. cxd5 exd5 8. O-O
Bb7 9. b3 Re8 10. Bb2 Bf8 11. Rc1 Nbd7 12. Ne2 Ne4 13. Bb5 Nd6 14. Bc6 Bxc6 15.
Rxc6 Nb8 16. Rc2 Ne4 17. Ne5 f6 18. Nc6 Qd7 19. Nxb8 Raxb8 20. Nf4 g6 21. Qf3
f5 22. Rfc1 Rec8 23. Rc6 Qf7 24. Nd3 Bd6 25. Bc3 Qd7 26. Nf4 Qf7 27. Nd3 Qd7
28. Nf4 Qf7 29. Nd3 Qd7 30. Nf4 1/2-1/2

[Event "VIII Festival A"]
[Site "Nichelino ITA"]
[Date "2007.10.05"]
[Round "2"]
[White "Angioni, Gian Carlo"]
[Black "Astengo, Marcello"]
[Result "1-0"]
[WhiteElo "1811"]
[BlackElo "2024"]
[PlyCount "51"]
[EventDate "2007.10.04"]

1. e4 c6 2. d4 d5 3. Nd2 dxe4 4. Nxe4 Nf6 5. Ng3 h5 6. h4 Bg4 7. Be2 Nbd7 8.
Nf3 e6 9. Bg5 Qc7 10. Qd3 Bd6 11. Nf1 Nd5 12. Ne3 Nb4 13. Qb3 f6 14. Nxg4 hxg4
15. Qxe6+ Kf8 16. Ne5 Bxe5 17. Bc4 Nc5 18. Qf5 Bxd4 19. O-O-O Be5 20. Be3 Qe7
21. Qxg4 b5 22. Bxc5 Qxc5 23. Rd7 Rh7 24. Rf7+ Kg8 25. Rxg7+ Kh8 26. Rg8+ 1-0

[Event "VIII Festival A"]
[Site "Nichelino ITA"]
[Date "2007.10.05"]
[Round "2"]
[White "Artero, Carlo"]
[Black "Sattanino, Andrea"]
[Result "0-1"]
[WhiteElo "1608"]
[BlackElo "1843"]
[PlyCount "96"]
[EventDate "2007.10.04"]

1. e4 e5 2. Nf3 Nf6 3. Nxe5 d6 4. Nf3 Nxe4 5. d4 d5 6. Bd3 Bd6 7. O-O O-O 8. c4
c6 9. Qc2 f5 10. c5 Bc7 11. Re1 Nd7 12. Bxe4 fxe4 13. Ng5 Nf6 14. Qb3 Ng4 15.
f3 Bxh2+ 16. Kh1 Bg3 17. Re2 exf3 18. gxf3 Qf6 19. Nd2 Qh6+ 20. Kg1 Qh4 21.
Nde4 Nf6 22. Nxg3 Qxg3+ 23. Rg2 Qe1+ 24. Kh2 Qh4+ 25. Kg1 Qxd4+ 26. Be3 Qe5 27.
Re1 Qf5 28. f4 h6 29. Nf3 Ne4 30. Bd4 Rf7 31. Nh4 Qxf4 32. Ng6 Qf3 33. Qxf3
Rxf3 34. Ne7+ Kf7 35. Rxg7+ Ke6 36. Nxc8 Rxc8 37. Rg6+ Kf5 38. Rxh6 Rg8+ 39.
Kh2 Rd3 40. Rf1+ Kg5 41. Rh3 Rd2+ 42. Kh1 Kg4 43. Rh7 Ng3+ 44. Kg1 Nxf1 45. Bf6
Kf3+ 46. Kh1 Ng3+ 47. Kg1 Nh5+ 48. Bg7 Rxg7+ 0-1

[Event "VIII Festival A"]
[Site "Nichelino ITA"]
[Date "2007.10.05"]
[Round "2"]
[White "Biancotti, Alessandro"]
[Black "Egli, Urs"]
[Result "1-0"]
[WhiteElo "1828"]
[BlackElo "2089"]
[PlyCount "79"]
[EventDate "2007.10.04"]

1. e4 e5 2. Nf3 Nc6 3. Bb5 f5 4. Nc3 fxe4 5. Nxe4 d5 6. Ng3 Bg4 7. h3 Bxf3 8.
Qxf3 Qd6 9. O-O O-O-O 10. c3 Kb8 11. a4 g6 12. a5 e4 13. Qe2 Ne5 14. a6 c6 15.
d4 Nf7 16. Ba4 b6 17. Nxe4 dxe4 18. Qxe4 Qd5 19. Bxc6 Qxe4 20. Bxe4 Nf6 21. Bc2
Bd6 22. f4 Rhg8 23. f5 g5 24. Bb3 Rd7 25. Re1 Re8 26. Re6 Be7 27. Ba4 Kc7 28.
Bd2 h6 29. Rae1 Nd6 30. h4 gxh4 31. Bf4 Kd8 32. Bxd7 Kxd7 33. Bxh6 Nxf5 34. Bg5
Nd5 35. R6e5 Bxg5 36. Rxd5+ Kc6 37. Rxe8 Kxd5 38. Re5+ Kc4 39. Rxf5 Bc1 40. Rf2
1-0

[Event "VIII Festival A"]
[Site "Nichelino ITA"]
[Date "2007.10.05"]
[Round "2"]
[White "Cavaliere, Simone"]
[Black "Di Chiara, Mauro"]
[Result "0-1"]
[WhiteElo "1965"]
[BlackElo "1747"]
[PlyCount "56"]
[EventDate "2007.10.04"]

1. e4 c5 2. Nf3 Nc6 3. d4 cxd4 4. Nxd4 Nf6 5. Nc3 e5 6. Ndb5 d6 7. Bg5 a6 8.
Na3 b5 9. Nd5 Be7 10. Bxf6 Bxf6 11. c3 O-O 12. Nc2 Bg5 13. a4 bxa4 14. Rxa4 Bb7
15. Nce3 Bxe3 16. Nxe3 Ne7 17. Nd5 Nxd5 18. exd5 f5 19. Be2 Rf7 20. O-O e4 21.
Qd2 Re7 22. Rfa1 Re5 23. c4 Qe7 24. b4 e3 25. fxe3 Rxe3 26. Bf3 Re8 27. R4a3
Qg5 28. Qf2 Rxa3 0-1

[Event "VIII Festival A"]
[Site "Nichelino ITA"]
[Date "2007.10.05"]
[Round "2"]
[White "D'Amato, Piergiorgio"]
[Black "Gallucci, Alessio"]
[Result "1/2-1/2"]
[WhiteElo "1941"]
[BlackElo "2076"]
[PlyCount "66"]
[EventDate "2007.10.04"]

1. e4 c5 2. Nf3 d6 3. d4 cxd4 4. Nxd4 Nf6 5. Nc3 g6 6. Be3 Bg7 7. f3 O-O 8. Qd2
Nc6 9. Bc4 Bd7 10. O-O-O Rc8 11. Bb3 Ne5 12. g4 b5 13. h4 a5 14. a3 b4 15. axb4
axb4 16. Nb1 Qa5 17. h5 Nc4 18. Bxc4 Rxc4 19. hxg6 fxg6 20. Bh6 Rfc8 21. Bxg7
Kxg7 22. Qh6+ Kg8 23. g5 Ba4 24. Rd2 Rxc2+ 25. Rxc2 Rxc2+ 26. Nxc2 Qc7 27. Qh2
Nh5 28. Qd2 Nf4 29. Re1 Qc4 30. Re3 Bxc2 31. Qxc2 Qf1+ 32. Qd1 Qc4+ 33. Qc2
Qf1+ 1/2-1/2

[Event "VIII Festival A"]
[Site "Nichelino ITA"]
[Date "2007.10.05"]
[Round "2"]
[White "D'Ingiullo, Roberto"]
[Black "Finocchiaro, Gianluca"]
[Result "1-0"]
[WhiteElo "2104"]
[BlackElo "1973"]
[PlyCount "41"]
[EventDate "2007.10.04"]

1. e4 d6 2. d4 Nf6 3. Nc3 c6 4. Nf3 Bg4 5. Be2 e6 6. O-O d5 7. Ne5 Bxe2 8. Qxe2
dxe4 9. Nxe4 Nxe4 10. Qxe4 Be7 11. Re1 O-O 12. Qg4 Bf6 13. c3 c5 14. dxc5 Qd5
15. Bf4 Qxc5 16. Rad1 Qe7 17. Rd3 Nc6 18. Rd7 Nxe5 19. Bxe5 Qxd7 20. Bxf6 g6
21. Qg5 1-0

[Event "VIII Festival A"]
[Site "Nichelino ITA"]
[Date "2007.10.05"]
[Round "2"]
[White "Demagistri, Gigi"]
[Black "Blundo, Michele"]
[Result "1-0"]
[WhiteElo "1662"]
[BlackElo "1896"]
[PlyCount "81"]
[EventDate "2007.10.04"]

1. d4 Nf6 2. Bf4 e6 3. Nf3 d5 4. e3 Be7 5. Bd3 Nbd7 6. Nbd2 b6 7. c3 Bb7 8. Qa4
O-O 9. Bg5 c5 10. Ne5 Nxe5 11. dxe5 Ne4 12. Bxe7 Qxe7 13. Nxe4 dxe4 14. Bxe4
Rfd8 15. O-O g6 16. Bxb7 Qxb7 17. Rad1 Rac8 18. Qh4 Qc7 19. Qf4 b5 20. h4 c4
21. h5 f5 22. hxg6 hxg6 23. Qg5 Kh7 24. Qh4+ Kg8 25. Qf6 a5 26. Qxg6+ Qg7 27.
Qxe6+ Qf7 28. Qxf7+ Kxf7 29. Rd6 Rxd6 30. exd6 Ke6 31. Rd1 Kd7 32. Rd5 b4 33.
Rxa5 bxc3 34. bxc3 Kxd6 35. Rxf5 Ra8 36. g4 Rxa2 37. g5 Ra7 38. g6 Rg7 39. Rg5
Ke6 40. f4 Kf6 41. Kg2 1-0

[Event "VIII Festival A"]
[Site "Nichelino ITA"]
[Date "2007.10.05"]
[Round "2"]
[White "Fortino, Fabrizio"]
[Black "Malano, Francesco"]
[Result "1-0"]
[WhiteElo "2081"]
[BlackElo "1967"]
[PlyCount "43"]
[EventDate "2007.10.04"]

1. e4 c5 2. c3 Nc6 3. Nf3 d5 4. exd5 Qxd5 5. d4 e6 6. Be2 Nf6 7. O-O cxd4 8.
cxd4 Be7 9. Nc3 Qd8 10. Bf4 O-O 11. Rc1 a6 12. a3 Qa5 13. Qd3 Bd7 14. Rfd1 Rac8
15. Ne5 b5 16. Nxd7 Nxd7 17. d5 exd5 18. Nxd5 Rfe8 19. b4 Qd8 20. Bg4 Nde5 21.
Bxe5 Nxe5 22. Rxc8 1-0

[Event "VIII Festival A"]
[Site "Nichelino ITA"]
[Date "2007.10.05"]
[Round "2"]
[White "Giacomasso, Enrico"]
[Black "Naumkin, Igor"]
[Result "0-1"]
[WhiteElo "1970"]
[BlackElo "2486"]
[PlyCount "78"]
[EventDate "2007.10.04"]

1. e4 e5 2. Nf3 Nc6 3. Bb5 a6 4. Ba4 Nf6 5. O-O Nxe4 6. d4 b5 7. Bb3 d5 8. dxe5
Be6 9. c3 Nc5 10. Bc2 Bg4 11. Re1 Be7 12. a4 b4 13. a5 Rb8 14. Ba4 Nxa4 15.
Qxa4 Bd7 16. Qd1 bxc3 17. Nxc3 Be6 18. Qe2 O-O 19. Qxa6 Nb4 20. Qe2 d4 21. Rd1
c5 22. Qe4 Bb3 23. Rd2 Ra8 24. Ra3 Bc2 25. Qg4 Rxa5 26. Rxa5 Qxa5 27. Nd5 Nxd5
28. Rxc2 Qa1 29. Ne1 Nb4 30. Rc4 Qb1 31. Qd1 Rd8 32. h4 d3 33. Qd2 Nc6 34. Nf3
Qa2 35. Rg4 Qe6 36. Qf4 Nd4 37. Kh2 Ne2 38. Qc4 Nxc1 39. Ng5 Qxc4 0-1

[Event "VIII Festival A"]
[Site "Nichelino ITA"]
[Date "2007.10.05"]
[Round "2"]
[White "Lizzari, Nicola"]
[Black "Cacinschi, Alexandru"]
[Result "0-1"]
[WhiteElo "1848"]
[BlackElo "1630"]
[PlyCount "52"]
[EventDate "2007.10.04"]

1. d4 d5 2. c4 e5 3. cxd5 Qxd5 4. e3 exd4 5. exd4 Nc6 6. Nf3 Bg4 7. Be2 O-O-O
8. Be3 Bb4+ 9. Nc3 Qa5 10. O-O Nf6 11. a3 Bd6 12. Nb5 Bxf3 13. Nxd6+ Rxd6 14.
Bxf3 Rhd8 15. b4 Qf5 16. Qa4 Nxd4 17. Bxd4 Rxd4 18. Qxa7 Qb5 19. Rac1 Qa6 20.
Qc5 Qd6 21. Qa5 Kb8 22. Qb5 Nd5 23. Rc6 Qxc6 24. Qxc6 bxc6 25. Rc1 Kb7 26. b5
cxb5 0-1

[Event "VIII Festival A"]
[Site "Nichelino ITA"]
[Date "2007.10.05"]
[Round "2"]
[White "Marguati, Massimiano"]
[Black "Fasano, Domenico"]
[Result "1/2-1/2"]
[WhiteElo "1966"]
[BlackElo "1721"]
[PlyCount "70"]
[EventDate "2007.10.04"]

1. d4 Nf6 2. c4 e5 3. dxe5 Ng4 4. Bf4 Nc6 5. Nf3 Bb4+ 6. Nbd2 Qe7 7. a3 Ngxe5
8. Nxe5 Nxe5 9. e3 Bxd2+ 10. Qxd2 d6 11. Be2 Be6 12. Qc3 f6 13. Bg3 O-O 14. O-O
Qf7 15. c5 Rfd8 16. cxd6 cxd6 17. Rac1 Rac8 18. Qd4 Nc6 19. Qd2 d5 20. Rfd1 d4
21. Bd3 Bb3 22. e4 Ne5 23. Bc2 Bxc2 24. Rxc2 Rxc2 25. Qxc2 Qc4 26. Qd2 d3 27.
f3 Kf7 28. Rc1 Qb5 29. Rc7+ Rd7 30. Rxd7+ Qxd7 31. Bxe5 fxe5 32. Kf1 Qd4 33.
Qf2 Qc4 34. Qd2 Qd4 35. Qf2 Qc4 1/2-1/2

[Event "VIII Festival A"]
[Site "Nichelino ITA"]
[Date "2007.10.05"]
[Round "2"]
[White "Martin, Tiziano"]
[Black "Pitrola, Carlo"]
[Result "0-1"]
[WhiteElo "2019"]
[BlackElo "1602"]
[PlyCount "74"]
[EventDate "2007.10.04"]

1. f4 e6 2. Nf3 c5 3. d3 d5 4. c3 Nc6 5. Qc2 Bd7 6. e4 d4 7. Be2 Nf6 8. O-O
dxc3 9. bxc3 Be7 10. Bd1 Rc8 11. Qe2 Na5 12. e5 Ng4 13. Nbd2 b5 14. Ne4 O-O 15.
h3 Nh6 16. g4 c4 17. d4 Kh8 18. Bc2 f5 19. Nf2 Bc6 20. g5 Ng8 21. h4 Qe8 22.
Nh2 Bd8 23. h5 Rc7 24. Nd1 h6 25. Kf2 g6 26. Rg1 Rh7 27. Ba3 Ne7 28. Ne3 Rg8
29. Bxe7 Bxe7 30. hxg6 Qxg6 31. Nf3 hxg5 32. fxg5 Rh3 33. Rh1 Qh5 34. d5 Rxh1
35. Rxh1 Qxh1 36. dxc6 Bxg5 37. Nxg5 Rxg5 0-1

[Event "VIII Festival A"]
[Site "Nichelino ITA"]
[Date "2007.10.05"]
[Round "2"]
[White "Matta, Francesca"]
[Black "Damia, Angelo"]
[Result "1/2-1/2"]
[WhiteElo "1945"]
[BlackElo "2266"]
[PlyCount "92"]
[EventDate "2007.10.04"]

1. e4 Nf6 2. e5 Ng8 3. d4 d6 4. Nf3 dxe5 5. Nxe5 Nf6 6. Bc4 e6 7. O-O Be7 8. c3
O-O 9. Bg5 Nbd7 10. Nd2 Nxe5 11. dxe5 Nd7 12. Bxe7 Qxe7 13. f4 b6 14. Ne4 Nc5
15. Qe2 Bb7 16. Ng5 a5 17. Rad1 h6 18. Nf3 Rad8 19. Rd4 Rd7 20. Rxd7 Qxd7 21.
Rd1 Bxf3 22. Qxf3 Qe7 23. b4 axb4 24. cxb4 Nd7 25. Bb5 Nb8 26. a3 Rd8 27. Rxd8+
Qxd8 28. Qd3 Qxd3 29. Bxd3 Kf8 30. Kf2 Ke7 31. Ke3 Kd7 32. Kd4 c6 33. a4 Kc7
34. a5 c5+ 35. Kc4 cxb4 36. axb6+ Kxb6 37. Kxb4 g5 38. g3 gxf4 39. gxf4 Kc6 40.
Kc4 Kd7 41. Be4 Ke7 42. f5 Nd7 43. Kd4 h5 44. h4 Nf6 45. exf6+ Kxf6 46. fxe6
fxe6 1/2-1/2

[Event "VIII Festival A"]
[Site "Nichelino ITA"]
[Date "2007.10.05"]
[Round "2"]
[White "Pettarini, Renato"]
[Black "Davi, Alessandro"]
[Result "0-1"]
[WhiteElo "1661"]
[BlackElo "1915"]
[PlyCount "98"]
[EventDate "2007.10.04"]

1. c4 c6 2. Nf3 Nf6 3. Nc3 d5 4. e3 e6 5. d4 Be7 6. Bd3 Nbd7 7. O-O O-O 8. b3
Qc7 9. Bb2 Re8 10. Rc1 a6 11. Ne2 dxc4 12. Rxc4 b5 13. Rc1 Bb7 14. Ng3 Rad8 15.
Qc2 c5 16. Ng5 h6 17. Nxf7 Kxf7 18. Bg6+ Kg8 19. Bxe8 Rxe8 20. dxc5 Qxc5 21.
Rfd1 Qxc2 22. Rxc2 Rc8 23. Rcd2 Kf7 24. h3 Nb6 25. Ne2 Ne4 26. Rd3 Rc2 27. Bd4
Nd5 28. Ng3 Nxf2 29. Rf1 Nb4 30. Rdd1 Rxa2 31. Rxf2+ Rxf2 32. Kxf2 Bd5 33. Bc3
Bxb3 34. Rd7 Nd5 35. Bd4 a5 36. e4 Nf6 37. Rb7 Bc4 38. Bc5 Ng8 39. Ke3 Ke8 40.
Rb8+ Kd7 41. Bxe7 Nxe7 42. Rb7+ Ke8 43. Kd4 a4 44. Kc3 g6 45. Kb2 Nc6 46. Rg7
Ne5 47. Rg8+ Kd7 48. Rf8 b4 49. Rf2 Nd3+ 0-1

[Event "VIII Festival A"]
[Site "Nichelino ITA"]
[Date "2007.10.05"]
[Round "2"]
[White "Pulito, Alberto"]
[Black "Fassio, Francesco"]
[Result "1-0"]
[WhiteElo "2285"]
[BlackElo "1732"]
[PlyCount "55"]
[EventDate "2007.10.04"]

1. e4 e5 2. Nf3 d6 3. d4 Nf6 4. Nc3 Nbd7 5. Bc4 Be7 6. O-O O-O 7. Re1 c6 8. a4
Qc7 9. h3 Nxe4 10. Rxe4 d5 11. Bxd5 cxd5 12. Nxd5 Qd8 13. dxe5 Nc5 14. Rd4 Nd7
15. Be3 Bc5 16. Bg5 f6 17. exf6 gxf6 18. Nxf6+ Rxf6 19. Rxd7 Bxd7 20. Qd5+ Kh8
21. Qxc5 Rc8 22. Qd4 Rcc6 23. Rd1 Rcd6 24. Bxf6+ Rxf6 25. Qxd7 Qg8 26. Qd4 Qg7
27. Qc3 h6 28. Rd8+ 1-0

[Event "VIII Festival A"]
[Site "Nichelino ITA"]
[Date "2007.10.05"]
[Round "2"]
[White "Torrione, William"]
[Black "Giacchino, Claudio"]
[Result "1-0"]
[WhiteElo "1911"]
[BlackElo "1679"]
[PlyCount "71"]
[EventDate "2007.10.04"]

1. d4 d5 2. c4 c6 3. Nc3 Nf6 4. cxd5 Nxd5 5. e4 Nxc3 6. bxc3 Nd7 7. Nf3 e6 8.
Bf4 Be7 9. Bd3 c5 10. d5 exd5 11. exd5 Bf6 12. Qe2+ Qe7 13. Qxe7+ Bxe7 14. c4
O-O 15. a4 b6 16. Kd2 Bf6 17. Rae1 Bb7 18. Bf5 Bc8 19. Bd6 Rd8 20. Bc7 Rf8 21.
d6 g6 22. Be4 Ba6 23. Bxa8 Rxa8 24. Kd3 Bb7 25. Kc2 Bc6 26. Kb3 Rc8 27. Re3 Kf8
28. Rhe1 h6 29. g3 h5 30. Nd2 Nb8 31. Rd3 Na6 32. d7 Bxd7 33. Rxd7 Nxc7 34. Ne4
Bd8 35. Nd6 Ra8 36. Nxf7 1-0

[Event "VIII Festival A"]
[Site "Nichelino ITA"]
[Date "2007.10.06"]
[Round "3"]
[White "Astengo, Marcello"]
[Black "Torrione, William"]
[Result "1-0"]
[WhiteElo "2024"]
[BlackElo "1911"]
[PlyCount "49"]
[EventDate "2007.10.04"]

1. d4 d5 2. c4 c6 3. Nc3 Nf6 4. Bg5 Nbd7 5. e3 e6 6. cxd5 exd5 7. Bd3 Be7 8.
Qc2 Nf8 9. Nge2 Ng6 10. O-O Nd7 11. Bxe7 Qxe7 12. Rab1 O-O 13. b4 a6 14. Na4
Re8 15. Ng3 Ndf8 16. Nc5 Nh4 17. Rfe1 Qd6 18. a4 b6 19. Nb3 Bd7 20. Qe2 g6 21.
Bxa6 Qxb4 22. Nc5 Qa5 23. Nxd7 Qxa6 24. Qxa6 Rxa6 25. Nf6+ 1-0

[Event "VIII Festival A"]
[Site "Nichelino ITA"]
[Date "2007.10.06"]
[Round "3"]
[White "Blundo, Michele"]
[Black "Melone, Antonio"]
[Result "0-1"]
[WhiteElo "1896"]
[BlackElo "1647"]
[PlyCount "88"]
[EventDate "2007.10.04"]

1. d4 Nf6 2. c4 c5 3. e3 e6 4. Nf3 b6 5. Nc3 Bb7 6. d5 exd5 7. cxd5 d6 8. e4
Nbd7 9. a4 Qe7 10. Bg5 a6 11. Bd3 h6 12. Bxf6 Qxf6 13. O-O Be7 14. Re1 O-O 15.
Bc2 Ne5 16. Nxe5 Qxe5 17. Rb1 Bf6 18. Ne2 Rfe8 19. f4 Qe7 20. Qd3 g6 21. g4 Bc8
22. h3 Bd7 23. b4 Rac8 24. bxc5 bxc5 25. Rb6 c4 26. Qa3 Bh4 27. Reb1 Rc5 28.
Rb8 Rxb8 29. Rxb8+ Kg7 30. a5 Bb5 31. Nd4 Qa7 32. Rb6 Bf6 33. Ne2 c3 34. e5
Bxe2 35. exf6+ Kh7 36. Qb3 Bc4 37. Bxg6+ Kxg6 38. Qc2+ Kxf6 39. Qxc3+ Ke7 40.
g5 Bxd5 41. Qf6+ Ke8 42. Qxd6 Rc1+ 43. Kf2 Be6 44. Ke2 Rc8 0-1

[Event "VIII Festival A"]
[Site "Nichelino ITA"]
[Date "2007.10.06"]
[Round "3"]
[White "Damia, Angelo"]
[Black "Angioni, Gian Carlo"]
[Result "1-0"]
[WhiteElo "2266"]
[BlackElo "1811"]
[PlyCount "87"]
[EventDate "2007.10.04"]

1. e4 d5 2. exd5 Qxd5 3. Nc3 Qa5 4. Nf3 Nf6 5. d4 c6 6. Ne5 Bf5 7. Nc4 Qc7 8.
g3 e6 9. Bf4 Qd8 10. Ne3 Be4 11. Nxe4 Nxe4 12. Bg2 Nf6 13. O-O Bd6 14. Bxd6
Qxd6 15. d5 cxd5 16. c4 Nc6 17. cxd5 exd5 18. Nxd5 O-O 19. Nxf6+ Qxf6 20. Qb3
Rab8 21. Rfd1 Rfd8 22. Rxd8+ Nxd8 23. Rd1 Ne6 24. Bd5 b6 25. Bxe6 fxe6 26. Rd7
Rf8 27. Qe3 Rf7 28. Rd6 Re7 29. Kg2 Kf7 30. Qe2 Rb7 31. Rd3 Ke7 32. Qd2 Qf5 33.
Rf3 Qd5 34. Qb4+ Qc5 35. Qh4+ Ke8 36. Qxh7 Rf7 37. Qg6 Qe7 38. h4 Kf8 39. Rxf7+
Qxf7 40. Qxf7+ Kxf7 41. Kf3 Kf6 42. Ke4 e5 43. g4 g6 44. Kd5 1-0

[Event "VIII Festival A"]
[Site "Nichelino ITA"]
[Date "2007.10.06"]
[Round "3"]
[White "Davi, Alessandro"]
[Black "Matta, Francesca"]
[Result "1-0"]
[WhiteElo "1915"]
[BlackElo "1945"]
[PlyCount "65"]
[EventDate "2007.10.04"]

1. d4 Nf6 2. c4 g6 3. Nc3 Bg7 4. e4 d6 5. Nf3 O-O 6. Be2 e5 7. O-O Na6 8. Rb1
Qe7 9. Bg5 c6 10. c5 exd4 11. cxd6 Qe6 12. Qxd4 Ng4 13. Qd2 Bxc3 14. bxc3 f6
15. Bh4 Rd8 16. h3 Rxd6 17. Bc4 Rxd2 18. Bxe6+ Bxe6 19. Nxd2 g5 20. Bg3 Ne5 21.
Bxe5 fxe5 22. Rxb7 Nc5 23. Rc7 Bxa2 24. Ra1 Bf7 25. Rxc6 Ne6 26. Nf3 a5 27.
Nxe5 a4 28. Rc4 a3 29. Rb4 Nf4 30. Nxf7 Kxf7 31. Rb3 a2 32. Rb2 Nd3 33. Raxa2
1-0

[Event "VIII Festival A"]
[Site "Nichelino ITA"]
[Date "2007.10.06"]
[Round "3"]
[White "Di Chiara, Mauro"]
[Black "Pulito, Alberto"]
[Result "0-1"]
[WhiteElo "1747"]
[BlackElo "2285"]
[PlyCount "124"]
[EventDate "2007.10.04"]

1. d4 d5 2. Nf3 Nf6 3. Bf4 e6 4. e3 c5 5. c3 Be7 6. dxc5 Bxc5 7. Nbd2 Nc6 8.
Nb3 Be7 9. Bd3 O-O 10. Qc2 b6 11. Rd1 Bd6 12. Bxd6 Qxd6 13. a3 Bb7 14. O-O Qc7
15. Nbd2 Rac8 16. Qb1 Ne5 17. Nxe5 Qxe5 18. Nf3 Qh5 19. Be2 Ne4 20. Nd4 Qh6 21.
Bd3 Nc5 22. f4 e5 23. Nf5 Qe6 24. Nxg7 Kxg7 25. Bf5 Qf6 26. Bxc8 Rxc8 27. fxe5
Qxe5 28. Rf3 Ne4 29. Rdf1 Rc7 30. Qd3 Bc8 31. Rf4 Be6 32. Rh4 f6 33. Rff4 Rc4
34. Qe2 Ng5 35. Rxc4 dxc4 36. Rd4 b5 37. Qf2 Ne4 38. Qf4 Qxf4 39. exf4 Nc5 40.
Rd6 Bf7 41. Rc6 Nd3 42. Rc7 Nxb2 43. Rxa7 Na4 44. Kf2 Nxc3 45. Ke3 Kg8 46. Ra8+
Kg7 47. Ra7 Kf8 48. g3 Nd5+ 49. Kd4 c3 50. Ra8+ Ke7 51. Rc8 Kd6 52. Rc5 Nc7 53.
Rxc3 Ne6+ 54. Ke3 Nc5 55. Kd4 Nb3+ 56. Ke3 Be6 57. Rd3+ Bd5 58. Rc3 Na5 59. Kd4
Nc4 60. Kd3 Kc5 61. Rc1 f5 62. Rc3 Be4+ 0-1

[Event "VIII Festival A"]
[Site "Nichelino ITA"]
[Date "2007.10.06"]
[Round "3"]
[White "Fasano, Domenico"]
[Black "Cavaliere, Simone"]
[Result "1-0"]
[WhiteElo "1721"]
[BlackElo "1965"]
[PlyCount "46"]
[EventDate "2007.10.04"]

1. e4 c5 2. Nf3 d6 3. d4 cxd4 4. Nxd4 Nf6 5. Nc3 a6 6. Bg5 e6 7. f4 Be7 8. Qf3
Nbd7 9. O-O-O Qc7 10. g4 b5 11. Bxf6 Nxf6 12. g5 Nd7 13. f5 Nc5 14. f6 Bf8 15.
Bh3 Bb7 16. Rhe1 Kd8 17. Nd5 exd5 18. exd5 Nd7 19. Nc6+ Bxc6 20. dxc6 Nb8 21.
Bd7 Nxd7 22. cxd7 Kxd7 23. Qxa8 gxf6 1-0